| 000 | 01221cam a2200217 4500 | ||
|---|---|---|---|
| 001 | ABS63276 | ||
| 008 | 000000n2000 000 0 eng u | ||
| 035 | _a(Sirsi) u110100 | ||
| 100 | _aNunn, D | ||
| 245 | _aFraming a new road agreement | ||
| 260 | _c2000 | ||
| 490 |
_aContract Journal _v406(6305) 29 November 2000, 16-17(2) |
||
| 520 | _aExamines the Highways Agency's overhaul of its procurement procedures for its projects and studies its trial using construction management. New design and build projects will involve contractors at an earlier stage in the project; new ways of running term maintenance contracts are being looked at and the Agency is trialling framework agreements based on geographic areas. The HA has gone for the more radical option available of a series of relationships with a network of suppliers and specialists rather than a partnership with a single contractor. The HA is very much interested in having specialists and suppliers play an increasing part in the procurement process. | ||
| 590 | _aABS | ||
| 650 | _aHIGHWAYS AGENCY | ||
| 650 |
_aCONSTRUCTION MANAGEMENT _96230 |
||
| 650 | _aProcurement-old | ||
| 650 | _aROADBUILDING | ||
| 690 |
_aProcurement _96260 |
||
| 942 | _n0 | ||
| 999 |
_c65664 _d65664 |
||